000 01036nam a22002657a 4500
001 7445
003 FISKH
005 20250723143743.0
008 250716b cb ||||| |||| 00| 0 eng d
020 _a9780689872457
040 _aFISKH
_beng
_cFISKH
_dFISKH
050 _aPZ7
082 _a 428.6
100 _aDennis, Lisa
245 _aDouble trouble :
_bMac & Lauren /
_cLisa Dennis
260 _aLondon :
_bSimon Schuster,
_c2004.
300 _a38 unnumbered pages :
_bcolor illustrations ;
_c21 cm
505 _aJ
520 _aBruno is up to his usual tricks when the cars arrive on St Helene Island for the Canadian Grand Prix. He has coerced a robot-double of himself into helping him win the race. However his devious plan hits a snag - quite literally - when an errant beaver wanders onto the track with a large log and his trick goes up in smoke.
521 8 _a500
_bLexile estimate
521 8 _aJ
_bRaz-Plus
650 _aDouble Trouble
_vFiction
_xScience kids
942 _2ddc
_cBK
_n0
999 _c7445
_d7445